[Event "20th Dubai Open 2018"]
[Site "Dubai"]
[Date "2018.04.03"]
[Round "1"]
[White "Surendran N"]
[Black "Christiansen, Johan-Sebastian"]
[Result "0-1"]
[WhiteElo "2088"]
[BlackElo "2498"]
[Annotator "TA"]
[PlyCount "61"]
[EventDate "2018.??.??"]
[EventType "swiss"]
[EventCountry "UAE"]
[SourceTitle "playchess.com"]
[Source "ChessBase"]
[SourceQuality "1"]

{[%evp 24,61,31,17,9,-3,-5,-2,10,9,15,10,35,27,55,-5,0,-7,-8,-23,-26,-16,-16,-24,-17,-27,0,0,0,0,0,0,0,0,0,0,0,0,0,0]} 1. Nf3 d5 2. g3 Bg4 3. Bg2 c6 4. O-O e6 5. d4 Nf6 6. Nbd2 Be7 7. c3 O-O 8. Re1 Nbd7 9. e4 dxe4 10. Nxe4 e5 {D02: 1 d4 d5 2 Nf3 sidelines, including 2...Nf6 3 g3 and 2...Nf6 3 Bf4} (10... Bh5 11. Qb3 Nxe4 12. Rxe4 Qb6 13. Nd2 Bg6 14. Re1 a5 15. Nc4 Qa6 16. a4 Bd3 17. Ne3 Nf6 18. Rd1 Rab8 19. c4 Bg6 20. Bd2 Rfd8 21. Be1 Bh5 22. Rd3 Bg6 23. Rdd1 Bh5 24. Rd3 {½-½ (24) Pantsulaia,L (2607)-Tomashevsky,E (2716) Doha 2016}) 11. dxe5 Bxf3 12. Qxf3 Nxe5 13. Qf5 {[#] LiveBook: 3 Games} Nfg4 $146 ({Predecessor:} 13... Ng6 14. h4 Nxe4 15. Bxe4 Re8 16. Be3 Nf8 17. Rad1 Qc7 18. Bc2 {1-0 (38) Dizdarevic,E (2505)-Sulskis,S (2515) Yerevan 1996}) 14. Rf1 g6 15. Qf4 f5 16. Ng5 $1 {[%cal Rg5e6]} Bxg5 17. Qxg5 Qxg5 18. Bxg5 h6 19. Bd2 ({White should try} 19. Bc1 $1 $14) 19... Rad8 $11 20. Rad1 Nd3 21. Rb1 Ndxf2 {[#]} 22. Bxh6 $1 {[%mdl 512]} Nxh6 23. Rxf2 Rfe8 24. Bf3 Re3 25. Rd1 {The position is equal.} Rxd1+ 26. Bxd1 {KRB-KRN} Re1+ 27. Rf1 Rxf1+ 28. Kxf1 Kf7 29. Kf2 Kf6 30. h3 Ke5 31. Ke3 {[%mdl 32768] Precision: White = 35%, Black = 65%. . Sensor Board Error (Ke4/e5)?} 0-1

[Event "20th Dubai Open 2018"]
[Site "Dubai"]
[Date "2018.04.03"]
[Round "1"]
[White "Berezina, Irina"]
[Black "Karthikeyan Pandiyan"]
[Result "0-1"]
[WhiteElo "2082"]
[BlackElo "1422"]
[Annotator "NA RC"]
[PlyCount "73"]
[EventDate "2018.??.??"]
[EventType "swiss"]
[EventCountry "UAE"]
[SourceTitle "playchess.com"]
[Source "ChessBase"]
[SourceQuality "1"]
[TimeControl "5400+30"]

1. Nf3 {[%emt 0:00:00]} e6 {[%emt 0:00:15]} 2. c4 {[%emt 0:00:43]} Nf6 {[%emt 0:00:29]} 3. g3 {[%emt 0:00:37]} d5 {[%emt 0:00:26]} 4. Bg2 {[%emt 0:00:18]} c6 {[%emt 0:00:30]} 5. b3 {[%emt 0:02:51]} Nbd7 {[%emt 0:00:23]} 6. Bb2 {[%emt 0:00:14]} Be7 {[%emt 0:00:11]} 7. O-O {[%emt 0:00:07]} O-O {[%emt 0:00:05]} 8. d3 {[%emt 0:01:24]} b6 {[%emt 0:00:46]} 9. Qc2 {[%emt 0:02:03]} Bb7 {[%emt 0:03:13]} 10. e4 {[%emt 0:00:51]} c5 {[%emt 0:00:41]} 11. cxd5 {[%emt 0:03:24]} exd5 {[%emt 0:00:05]} 12. Nh4 {[%emt 0:00:56]} g6 {[%emt 0:11:28]} 13. Nd2 {[%emt 0:03:10]} Nh5 {[%emt 0:07:00]} 14. Nhf3 {[%emt 0:01:21]} Bf6 {[%emt 0:00:39]} 15. Rfe1 {[%emt 0:03:34]} Bxb2 {[%emt 0:02:00]} 16. Qxb2 {[%emt 0:00:35]} Qf6 {[%emt 0:18:01]} 17. e5 {[%emt 0:03:38]} Qe7 {[%emt 0:06:10]} 18. b4 {[%emt 0:05:56]} Rab8 {[%emt 0:11:06]} 19. bxc5 {[%emt 0:01:57]} Nxc5 {[%emt 0:01:46]} 20. Qa3 {[%emt 0:00:32]} d4 {[%emt 0:02:08]} 21. Nb3 {[%emt 0:04:08]} Rfd8 {[%emt 0:05:40]} 22. Nxc5 {[%emt 0:06:18]} Bxf3 {[%emt 0:10:46]} 23. Bxf3 {[%emt 0:00:33]} bxc5 {[%emt 0:00:54]} 24. Rac1 {[%emt 0:01:55]} Rb4 {[%emt 0:01:10]} 25. Qa5 {[%emt 0:02:59]} Rb2 {[%emt 0:08:35]} 26. e6 {[%emt 0:14:07]} fxe6 {[%emt 0:02:05]} 27. Rxe6 {[%emt 0:00:47]} Qg5 {[%emt 0:00:19]} 28. Qxc5 {[%emt 0:04:02]} Qxc5 {[%emt 0:01:11]} 29. Rxc5 {[%emt 0:00:06]} Rxa2 {[%emt 0:00:09]} 30. Bd5 {[%emt 0:01:39]} Ra1+ {[%emt 0:02:37]} 31. Re1+ {[%emt 0:00:08]} Rxd5 {[%emt 0:00:03]} 32. Rc8+ {[%emt 0:00:05]} Kf7 {[%emt 0:00:13]} 33. Rxa1 {[%emt 0:00:21]} a5 {[%emt 0:00:05]} 34. Ra8 {[%emt 0:00:22]} Nf6 {[%emt 0:01:03]} 35. R1xa5 {[%emt 0:00:12]} Rxa5 {[%emt 0:00:03]} 36. Rxa5 {[%emt 0:00:06]} Ke6 {[%emt 0:00:04]} 37. Kg2 {[%emt 0:00:37] Kd5 [%clk 0:05:58]} 0-1

[Event "20th Dubai Open 2018"]
[Site "Dubai"]
[Date "2018.04.03"]
[Round "1"]
[White "Song, Yuxin"]
[Black "Darini, Pouria"]
[Result "1/2-1/2"]
[WhiteElo "2075"]
[BlackElo "2478"]
[Annotator "TA"]
[PlyCount "124"]
[EventDate "2018.??.??"]
[EventType "swiss"]
[EventCountry "UAE"]
[SourceTitle "playchess.com"]
[Source "ChessBase"]
[SourceQuality "1"]

{[%evp 18,124,-35,-55,-26,-22,-25,-35,-7,-15,-16,-29,-39,-45,-29,-28,-20,-40,-26,-27,-27,-50,-36,-62,-46,-90,-79,-82,-80,-80,-80,-104,-89,-108,-108,-110,-108,-109,-111,-117,-103,-112,-102,-101,-101,-117,-103,-103,-88,-102,-105,-97,-98,-106,-100,-107,-107,-101,-96,-199,-200,-182,-181,-206,-162,-164,-94,-94,-94,-94,-94,-136,-75,-80,-56,-59,-56,-56,-53,-63,-63,-64,-63,-63,-63,-63,-63,-63,-63,-63,-41,-49,-19,-19,-19,-26,-27,-28,-19,-64,-74,-75,0,0,0,-7,0,0,0]} 1. e4 c5 2. Nf3 d6 3. Bb5+ Nd7 4. d4 cxd4 5. Qxd4 a6 6. Bxd7+ Bxd7 7. c4 {B51: Sicilian: Moscow Variation (3 Bb5+) without 3...Bd7} (7. Nc3 e5 8. Qd3 Rc8 9. O-O Qc7 10. a4 Be7 11. Rd1 h6 12. Nd2 Nf6 13. Nf1 O-O 14. Ne3 Be6 15. a5 Rfd8 {½-½ (58) Demchenko,A (2660)-Vachier Lagrave,M (2789) Riadh 2017}) 7... Nf6 8. O-O g6 9. e5 dxe5 10. Nxe5 {LiveBook: 3 Games} Bg7 (10... Be6 {with more complications.} 11. Qe3 Bg7 12. Nc3 O-O 13. b3 b5) 11. Nxd7 $146 ({Don't play} 11. Rd1 Be6 $17) ({Predecessor:} 11. Nc3 O-O 12. Qh4 Be6 13. Bh6 Qc7 14. Bxg7 Kxg7 15. Rfe1 Rad8 {½-½ (59) Mahjoob,M (2507)-Gopal,G (2548) Beijing 2008}) 11... Qxd7 12. Be3 Rc8 (12... Rd8 $5 {[%cal Rd7d4]} 13. Qb6 Rc8 $15) 13. Nd2 O-O 14. Qxd7 Nxd7 15. Rab1 Ne5 16. b3 b5 {[%cal Rb5c4]} 17. cxb5 axb5 18. a4 bxa4 19. bxa4 Ra8 20. Rb7 e6 21. Ba7 Nc6 $36 {[%mdl 2048] Keeping White busy.} 22. Bc5 Rfd8 23. Nf3 Rxa4 24. Rc7 Nb4 25. Be7 Rda8 26. Bxb4 Rxb4 27. Rd1 Bf6 28. g3 Rb2 29. Rd2 Rxd2 30. Nxd2 $17 {[%mdl 4096] Endgame KRB-KRN} Ra4 31. Kg2 Kg7 32. Nc4 Ra6 33. Rd7 Kf8 34. h4 Rc6 35. Nd6 Be7 36. Ne4 Rc4 37. f3 h6 38. g4 (38. Rd2 $17) 38... f5 $19 39. Nd2 Rc2 40. Kg3 Ke8 41. Rd3 Kf7 (41... Bb4 $19 42. Nf1 Be1+ 43. Kh3 Ke7) 42. f4 $17 fxg4 43. Kxg4 Rc7 44. Nf3 Bf6 (44... h5+ $142 45. Kg3 Ra7) 45. h5 gxh5+ 46. Kxh5 Rc5+ 47. Kg4 $1 h5+ 48. Kg3 Kg6 49. Ne1 Kf5 {And now ...h4+ would win.} 50. Ng2 Bb2 51. Kf3 Bc1 52. Nh4+ Kf6 53. Ng2 Bb2 54. Ne3 Ba1 55. Rd6 Ke7 56. Rd1 Bf6 57. Ke4 Ra5 {With the idea ...Ra4+.} 58. f5 Ra4+ 59. Kf3 e5 (59... Bg5 $17 {aiming for ...Ra3.} 60. fxe6 Kf6) 60. Nd5+ $11 {The position is equal.} Kf7 61. Rc1 Ra3+ 62. Ke4 Ra4+ {Precision: White = 63%, Black = 53%.} 1/2-1/2

[Event "20th Dubai Open 2018"]
[Site "Dubai"]
[Date "2018.04.03"]
[Round "2"]
[White "Jones, Gawain C B"]
[Black "Laxman, R. R."]
[Result "1/2-1/2"]
[WhiteElo "2675"]
[BlackElo "2441"]
[Annotator "TA"]
[PlyCount "142"]
[EventDate "2018.??.??"]
[EventType "swiss"]
[EventCountry "UAE"]
[SourceTitle "playchess.com"]
[Source "ChessBase"]
[SourceQuality "1"]

{[%evp 17,142,23,32,26,28,19,28,22,40,21,43,25,29,28,33,14,27,0,0,8,44,0,0,0,0,-60,-73,-70,-82,-101,-97,-102,-88,-156,-61,-93,-42,-110,-117,-151,-77,-79,-54,-42,-36,-86,-86,-86,-86,-88,-89,-106,-100,-103,-70,-71,-70,-65,-54,-70,-25,-25,-27,-33,-19,-22,-12,-30,-10,-16,-11,-8,0,0,0,-4,0,0,0,0,0,0,0,0,0,0,0,0,0,0,0,0,0,0,0,0,0,0,0,0,0,0,0,0,0,-39,0,0,0,-65,0,0,-14,-48,0,0,0,0,0,0,0,0,0,0,0,0,0]} 1. e4 e5 2. Nf3 Nc6 3. c3 Nf6 4. d4 Nxe4 5. d5 Ne7 6. Nxe5 Ng6 7. Nxg6 hxg6 8. Bd3 {C44: Ponziani Opening and Scotch Gambit} Nf6 (8... Nc5 9. O-O Be7 10. Re1 O-O 11. Bf1 d6 12. a4 c6 13. b4 Nd7 14. dxc6 bxc6 15. a5 Re8 {0-1 (66) Jones,G (2654)-Howell,D (2676) London 2017}) 9. O-O Be7 {LiveBook: 3 Games} 10. c4 {White is slightly better.} d6 11. Re1 O-O 12. Nc3 Nd7 13. Bc2 $146 ({Predecessor:} 13. Bf4 Bg5 14. Qd2 Bxf4 15. Qxf4 Ne5 {0-1 (87) Armas,L (1903)-Durand,V (2044) Saint Paul Trois Chateaux 2013}) 13... Nc5 14. b4 Bf6 15. Bd2 Nd7 16. Rb1 a5 17. a3 axb4 18. axb4 Nb6 19. Qe2 Be5 20. Ne4 Qh4 21. f4 (21. g3 $11 Qh5 22. Qd3) 21... Bd4+ $15 22. Kh1 Bf5 $1 $36 {[%mdl 2048] Keeping White busy.} 23. Qd3 Bf2 $1 {[%cal Rf2e1]} 24. Re2 Rfe8 25. Rf1 (25. Qc3 $142) 25... Nd7 (25... Rxe4 $1 $17 26. Rxe4 Nd7) 26. Qc3 {And now g3 would win.} Bb6 (26... Bxe4 $17 27. Rxe4 Rxe4 28. Bxe4 Nf6) 27. Bc1 {[#]} (27. Be1 $15 Qg4 28. Bd3) 27... Bxe4 $1 $17 28. Rxe4 {[#]} Rxe4 ({Black should play} 28... Nf6 $1 29. Bb2 Nh5) 29. Bxe4 Qf6 (29... Nf6 $5 {[%cal Rf6e4]} 30. Bc2 Re8 $15) 30. Qd3 Qd4 31. g4 Nf6 32. Qxd4 Bxd4 33. Bf3 Ra2 34. g5 Nd7 35. Bg4 f5 36. gxf6 $1 Nxf6 37. Be6+ Kf8 38. f5 gxf5 39. Bxf5 Be5 40. h3 Kg8 {Hoping for ...Nh5.} 41. Be3 Ra3 42. Be6+ Kh7 (42... Kf8 {keeps more tension.} 43. Bd2 Bc3 44. Bg5 Ra4 45. Rf3 Be5) 43. Bf4 Bxf4 44. Rxf4 $11 {[%mdl 4096] Endgame KRB-KRN} Kh6 45. Kg2 Rc3 46. Kf2 b6 47. h4 Nh5 48. Rg4 Nf6 49. Rf4 Rb3 50. b5 Rc3 51. Bc8 Nh5 52. Re4 g6 53. Ke1 Nf6 54. Rf4 Kg7 55. Kd2 Ra3 56. Be6 Ra2+ 57. Kc3 Ra3+ 58. Kd4 Ra1 59. Kc3 Rh1 60. Kb4 Re1 61. Rf3 Rb1+ 62. Kc3 Ra1 63. Kb4 (63. Rf4 $11) 63... Ra2 ({Black should try} 63... Re1 $1 $15) 64. Rf4 Re2 65. Rf3 Rb2+ 66. Kc3 {The position is equal.} Rh2 67. Rf4 Rh1 68. Kd2 Ra1 69. Kc3 Rg1 70. Kd4 Rd1+ 71. Kc3 Rh1 {Precision: White = 49%, Black = 60%.} 1/2-1/2

[Event "20th Dubai Open 2018"]
[Site "Dubai"]
[Date "2018.04.03"]
[Round "2"]
[White "Anton Guijarro, David"]
[Black "Sindarov, Javokhir"]
[Result "1-0"]
[WhiteElo "2653"]
[BlackElo "2431"]
[Annotator "TA"]
[PlyCount "63"]
[EventDate "2018.??.??"]
[EventType "swiss"]
[EventCountry "UAE"]
[SourceTitle "playchess.com"]
[Source "ChessBase"]
[SourceQuality "1"]

{[%evp 20,63,24,10,41,33,37,37,33,35,39,34,54,41,60,41,60,29,36,36,98,104,126,106,136,106,189,191,200,202,295,135,125,132,125,125,132,109,865,867,741,836,29992,29993,29994,29995]} 1. d4 Nf6 2. c4 g6 3. Nc3 d5 4. cxd5 Nxd5 5. e4 Nxc3 6. bxc3 Bg7 7. Bc4 O-O 8. Ne2 c5 9. O-O Nc6 10. Be3 Qc7 11. Qd2 {LiveBook: 4 Games} Rd8 {D87: Exchange Grünfeld: Classical Line: Variations without ...cxd4} 12. Bf4 (12. Rac1 Qa5 13. Qb2 e6 14. Rfd1 b6 15. Bg5 Rf8 16. e5 Ba6 17. Bb3 Rac8 18. Ng3 h6 19. Be3 Ne7 20. h4 Nf5 21. Nxf5 gxf5 {½-½ (60) Genga,S (2438)-Haugen,A (2440) ICCF 2015}) 12... Qa5 {[%cal Rc5d4]} 13. d5 Ne5 {White is slightly better.} 14. Bxe5 Bxe5 15. a4 $146 ({Predecessor:} 15. Rab1 a6 16. f4 Bg7 17. Qe3 b5 18. Qxc5 Bg4 19. h3 {0-1 (32) Goetz,M-Schmidt,W Untergrombach 1991}) 15... Qc7 16. f4 Bg7 17. e5 b6 18. Ng3 Bb7 $1 19. Rfd1 Qc8 (19... a6 $1 $14) 20. Qe2 $16 Kh8 21. Rab1 Bh6 22. f5 Bf4 (22... gxf5 $16 23. Qh5 Bf4) 23. e6 $1 $18 fxe6 {[#]} 24. fxg6 $1 hxg6 {[#]} (24... Rg8 $142) 25. Nh5 (25. Rf1 $1 $18 {[%cal Rf1f4] is the precise move to win.} Qc7 26. Qxe6) 25... Qc7 $16 26. Nxf4 Qxf4 27. Rf1 $36 {[%mdl 2048] Black is under strong pressure.} Qg5 28. h4 ({Much weaker is} 28. Qxe6 $6 Bxd5 29. Bxd5 Rxd5 $11) 28... Qg3 $2 {[%mdl 8192]} (28... Qh5 $16) 29. Rf3 $18 Qd6 30. Rbf1 {Intending Qd2 and mate.} exd5 31. Qe3 g5 32. Qxg5 {Precision: White = 83%, Black = 25%.} 1-0

[Event "20th Dubai Open 2018"]
[Site "Dubai"]
[Date "2018.04.03"]
[Round "2"]
[White "Rakhmanov, Aleksandr"]
[Black "Khademalsharieh, Sarasadat"]
[Result "1-0"]
[WhiteElo "2652"]
[BlackElo "2424"]
[Annotator "TA"]
[PlyCount "61"]
[EventDate "2018.??.??"]
[EventType "swiss"]
[EventCountry "UAE"]
[SourceTitle "playchess.com"]
[Source "ChessBase"]
[SourceQuality "1"]

{[%evp 18,61,0,7,26,25,47,41,58,53,49,44,58,51,73,22,24,25,55,0,0,0,0,0,0,-85,-93,-88,-83,-94,502,45,711,700,822,813,906,906,902,903,888,881,898,893,875,851]} 1. d4 Nf6 2. c4 e6 3. Nc3 Bb4 4. e3 d5 5. Nf3 O-O 6. Bd2 b6 7. cxd5 exd5 8. Rc1 Bb7 9. Bd3 Nbd7 10. O-O a6 {E52: Nimzo-Indian: Rubinstein: 4...0-0 5 Nf3 d5 6 Bd3 b6} 11. Ne5 Bd6 12. f4 Ne4 {White is slightly better.} 13. Nxe4 dxe4 14. Bc4 Nf6 15. Qb3 {[%cal Re5f7]} Qe7 16. Be1 (16. a4 $16) 16... b5 $11 17. Bh4 Ra7 {[#]} 18. Bxf6 $146 (18. Be2 $14) ({Predecessor:} 18. Be2) 18... gxf6 19. Bd5 $1 $36 {[%cal Rd5b7][%mdl 2048] Black must now prevent Bxb7. White is more active.} fxe5 20. fxe5 Bb4 {[#] ...Bxd5 is the strong threat.} 21. Bxf7+ $1 {[%mdl 512]} Rxf7 $17 22. Rxf7 Qxf7 23. e6 {[%cal Be5e6,Be6e7][%mdl 32]} Qe8 $2 {[%mdl 8192] [#]} ({Don't go for} 23... Qe7 $2 24. Rxc7 $1 {[%mdl 512]} Bd5 25. Rxe7 $18) (23... Qh5 $1 $17 24. e7+ (24. Qxb4 Qg5 $15) 24... Bd5 25. Qxb4 Bf7) 24. Qxb4 $2 (24. e7+ $1 $18 Bd5 25. Qxd5+ Kg7 26. Rf1 (26. Qxe4 Qxe7 27. Qg4+ Kh8 $11) 26... Qxe7 27. Rf4) 24... c6 $2 {[%mdl 8192]} (24... Ra8 $14) 25. Qc5 $18 {White is clearly winning.} Ra8 26. e7 Qf7 {[#]} 27. Rf1 $1 Qg7 28. Rf5 h6 29. Qd6 Re8 30. Qe6+ Kh8 31. Rf6 {Precision: White = 69%, Black = 31%.} 1-0

[Event "20th Dubai Open 2018"]
[Site "Dubai"]
[Date "2018.04.03"]
[Round "2"]
[White "Mareco, Sandro"]
[Black "Omar, Noaman"]
[Result "1-0"]
[WhiteElo "2645"]
[BlackElo "2372"]
[Annotator "TA"]
[PlyCount "121"]
[EventDate "2018.??.??"]
[EventType "swiss"]
[EventCountry "UAE"]
[SourceTitle "playchess.com"]
[Source "ChessBase"]
[SourceQuality "1"]

{[%evp 23,121,17,22,22,16,16,34,20,20,15,22,0,0,0,29,9,34,15,53,36,52,56,58,42,55,46,51,15,14,10,45,10,23,0,47,0,68,41,74,47,77,43,35,25,25,33,112,83,81,89,88,80,101,93,243,254,263,268,259,238,248,268,264,257,255,249,229,46,44,51,657,670,647,633,615,606,585,568,3306,3103,1910,931,2293,2236,7520,10691,12833,3412,6610,7536,12836,12837,12837,12837,12839,12839,12840,6223,3094,2808]} 1. c4 e6 2. Nf3 d5 3. g3 Nf6 4. Bg2 d4 5. O-O c5 6. e3 Nc6 7. exd4 cxd4 8. d3 Bd6 {A13: English Opening: 1...e6} (8... Be7 9. b3 O-O 10. Na3 e5 11. Nc2 Nd7 12. a3 a5 13. Rb1 Nc5 14. b4 axb4 15. axb4 Na4 16. Bd2 {0-1 (47) Wei,Y (2739)-Karjakin,S (2760) Medias 2017}) 9. Bg5 h6 10. Bxf6 Qxf6 11. Nbd2 Qd8 12. a3 a5 {LiveBook: 24 Games} 13. Rc1 O-O 14. c5 Bc7 15. Qa4 Ra6 $146 ({Predecessor:} 15... Ra7 16. Rfe1 {1-0 (34) Kozul,Z (2591)-Moroni,L (2438) Gjakova 2016}) 16. Rfe1 Re8 17. Nc4 Bd7 18. Nfd2 Qb8 19. Qd1 Ne7 20. Ne4 Nf5 21. Bh3 Rf8 22. b4 axb4 23. axb4 b5 24. cxb6 $1 Bxb6 25. Nc5 Bxc5 $1 26. bxc5 Bc6 27. Ne5 {[%cal Bc4e5,Be5g6,Bg6f4][%mdl 32] White wants to play Bxf5.} Qc7 28. Qh5 Ne7 29. Qh4 (29. Nxf7 $5 Rxf7 30. Bxe6 $16) 29... Bd5 (29... Rd8 $11) 30. Qxd4 $14 Nc6 31. Qf4 Ra2 32. Ng6 Rc8 33. Qxc7 Rxc7 34. Nf4 $36 {[%mdl 2048] White is more active.} Bf3 {[#]} ({Black should play} 34... Kh7 $14) 35. Nxe6 $1 {[%mdl 512]} Re7 (35... fxe6 36. Bxe6+) 36. Nf4 Rxe1+ 37. Rxe1 {aiming for Bg2.} g5 38. Bg2 Nd4 (38... Bxg2 $16 39. Nxg2 Ra3 40. Re8+ Kg7) 39. Re8+ $18 Kh7 40. Bxf3 Nxf3+ {[%mdl 4096] Endgame KRN-KRN} 41. Kg2 g4 42. h3 f5 43. Re7+ Kg8 44. hxg4 fxg4 {intending ...Ra1.} 45. Re6 $2 (45. Nh5 $18) 45... Kf7 $1 $14 {[#] Threatens to win with ...Ra1.} 46. Re3 {Hoping for Rxf3.} Ra1 $2 {[%mdl 8192]} (46... Rc2 $14) 47. Rxf3 $1 $18 {White is clearly winning.} gxf3+ 48. Kxf3 {KR-KN} Kf6 49. d4 {[%cal Bd3d4,Bd4d5][%mdl 32]} Rc1 50. Ke4 Kg5 51. d5 Kf6 52. Kd4 (52. d6 $142 Rd1 53. Nd3) 52... Rd1+ 53. Nd3 Ke7 54. g4 Rd2 55. f3 (55. f4 $142 Kd8 56. d6) 55... Rd1 56. Ke4 Rd2 57. Ne5 Kf6 58. f4 Rd1 59. d6 Re1+ 60. Kd4 (60. Kd5 $142 h5 61. c6 Rd1+ 62. Ke4 Re1+ 63. Kd3 hxg4 64. c7 Rd1+ 65. Ke2 Rxd6 66. c8=Q) 60... Rd1+ 61. Nd3 {Precision: White = 54%, Black = 35%.} 1-0

[Event "20th Dubai Open 2018"]
[Site "Dubai"]
[Date "2018.04.03"]
[Round "2"]
[White "Adly, Ahmed"]
[Black "Pranav Vijay"]
[Result "1-0"]
[WhiteElo "2626"]
[BlackElo "2265"]
[Annotator "TA"]
[PlyCount "111"]
[EventDate "2018.??.??"]
[EventType "swiss"]
[EventCountry "UAE"]
[SourceTitle "playchess.com"]
[Source "ChessBase"]
[SourceQuality "1"]

{[%evp 25,110,59,56,45,90,86,76,76,85,87,81,42,60,54,44,50,56,66,20,-128,7,-7,25,0,14,14,39,19,33,29,38,34,24,22,39,39,28,24,109,97,150,158,243,237,269,201,258,266,252,192,365,277,411,256,322,180,418,352,395,199,342,280,29971,29972,29972,29973,29973,29974,29974,29975,29975,29976,29976,29977,29974,29975,29972,29972,29972,29973,6503,2507,29996,29997,29998,29991,29999]} 1. Nf3 Nf6 2. c4 e6 3. g3 b6 4. Bg2 Bb7 5. O-O c5 6. d4 cxd4 7. Qxd4 d6 8. Rd1 Be7 9. Nc3 a6 10. b3 Nc6 {A30: Symmetrical English: Double Fianchetto and Hedgehog} 11. Qf4 Qc7 12. Ba3 Ne5 13. Rac1 (13. Ng5 Bxg2 14. Kxg2 O-O 15. Nge4 Nxe4 16. Nxe4 Ng6 17. Qf3 d5 {0-1 (17) Cheparinov,I (2678)-Inarkiev,E (2693) Poikovsky 2013}) 13... O-O {LiveBook: 4 Games} 14. Qd4 {[%cal Ra3d6]} Nxf3+ 15. exf3 {[%cal Ra3d6]} e5 $146 ({Predecessor:} 15... d5 16. Bxe7 Qxe7 17. cxd5 Nxd5 18. Nxd5 Bxd5 19. Qxb6 {½-½ (37) Swiercz,D (2584)-Bednarek,S (2320) Warsaw 2011}) 16. Qe3 Rac8 17. Bh3 {Strongly threatening Nd5.} Rb8 18. Nd5 Nxd5 19. cxd5 Qd8 20. Rc6 Bxc6 21. dxc6 Qc7 22. Qe4 {[#]} (22. Bd7 $11) 22... b5 (22... d5 $1 $17 {[%cal Rd5e4]} 23. Rxd5 Bxa3) 23. Bb2 Rfd8 24. b4 Bf8 25. Qd5 Ra8 26. a3 Rab8 27. Rc1 g6 28. f4 Bg7 29. fxe5 Bxe5 30. Bxe5 dxe5 31. Bd7 {[#]} Rb6 {[#]} (31... Rb7 $1 $11 {[%mdl 512] keeps the balance.}) 32. Qc5 $1 $16 {[%mdl 1024] White has strong compensation.} Rbb8 {[#]} (32... e4 $142) 33. Rd1 $1 Rb6 (33... a5 $16) 34. Rd5 $18 Rbb8 35. Kg2 ({Weaker is} 35. Rxe5 Rxd7 36. cxd7 Qxd7 $11) 35... e4 36. h4 h5 37. Kf1 Rb6 $2 (37... Rf8 38. Qd4 Rb6) 38. Ke2 Kh7 (38... Rf8 $142 39. Ke3 Rbb8) 39. Ke3 Rbb8 40. Rd6 (40. Kxe4 $142 Ra8 41. Kf3) 40... Kg8 $2 (40... a5) 41. Kxe4 Rf8 42. Rf6 (42. Qe5 $142 {Threatens to win with Rxg6+!} Kh7 43. Rf6 Qxe5+ 44. Kxe5) 42... Rbd8 (42... Rbe8+ $142 43. Bxe8 Rxe8+ 44. Kf3 Rd8) 43. Qd6 Qa7 $2 {[#]} (43... Rfe8+ $18 44. Kf3 Qxd6 45. Rxd6 Kf8) 44. Rxg6+ $1 {[%mdl 512]} fxg6 45. Qxg6+ Kh8 46. Qh6+ Kg8 47. Be6+ Rf7 48. Qg5+ Kh7 49. Qxh5+ Kg7 50. Qg5+ Kh7 51. Bf5+ Kh8 52. Qxd8+ Kg7 53. Be6 (53. Qg5+ $142 Kf8 54. Be6 Qxf2 55. Bxf7 Qg2+ 56. Ke5 Qxc6 57. Bd5 Qc7+ 58. Ke6 Qc8+ 59. Kd6 Qb8+ 60. Kc6 Qc8+ 61. Kb6 Qb8+ 62. Kxa6) 53... Re7 54. Qg8+ {White mates.} Kf6 55. Kd5 {[%csl Gh4][%cal Rg8g5]} Qc7 56. Qg5# {Precision: White = 63%, Black = 21%.} 1-0